Animal feeds, feeding and nutrition, and ration evaluation CD- ROM

Bewaard in:
Bibliografische gegevens
Hoofdauteur: Tish, David
Formaat: Boek
Taal:Undetermined
Gepubliceerd in: Clifton Park, NY Thomson Delamr Learning 2006
Onderwerpen:
Tags: Voeg label toe
Geen labels, Wees de eerste die dit record labelt!
Thư viện lưu trữ: Trung tâm Học liệu Trường Đại học Cần Thơ
LEADER 00592nam a2200193Ia 4500
001 CTU_122337
008 210402s9999 xx 000 0 und d
082 |a 636.085570285 
082 |b T613 
100 |a Tish, David 
245 0 |a Animal feeds, feeding and nutrition, and ration evaluation CD- ROM 
245 0 |c David Tish 
260 |a Clifton Park, NY 
260 |b Thomson Delamr Learning 
260 |c 2006 
650 |a Feeds,Animal nutrition 
650 |x Composition,Data processing.,Data processing. 
904 |i M.Loan 
980 |a Trung tâm Học liệu Trường Đại học Cần Thơ